Score 0/36 Timer 05:00
0 Plays Today
Category Unscrambled % Correct
The Simpsons charactersLISA
91.5%
BirdsRAVEN
91.2%
The Simpsons charactersBARNEY
89.6%
Arcade gamesPACMAN
88.4%
Famous novelsMOBY DICK
85.5%
Ben & Jerry's flavorsMILK AND COOKIES
84.6%
European countriesSWITZERLAND
83.8%
European countriesPORTUGAL
83.3%
Famous novelsANIMAL FARM
81.4%
Ben & Jerry's flavorsPHISH FOOD
80.6%
European countriesBELGIUM
80.2%
Ben & Jerry's flavorsCHUNKY MONKEY
79.9%
Famous novelsDON QUIXOTE
73.8%
Famous novelsTHINGS FALL APART
63.2%
European countriesBELARUS
59.1%
BirdsWOODPECKER
58.7%
European countriesSLOVENIA
57.5%
The Simpsons charactersFLANDERS
57.5%
Category Unscrambled % Correct
Ben & Jerry's flavorsEVERYTHING BUT THE
56.1%
Famous novelsLOLITA
53.7%
BirdsFLAMINGO
52.7%
Arcade gamesQBERT
46.3%
European countriesMONTENEGRO
45.9%
Arcade gamesFROGGER
40.5%
Famous novelsINFINITE JEST
40.3%
BirdsSPARROW
40.2%
The Simpsons charactersLOVEJOY
34.2%
BirdsKINGFISHER
32.2%
Arcade gamesCENTIPEDE
26.5%
The Simpsons charactersDUFFMAN
25.1%
Arcade gamesASTEROIDS
16.2%
Arcade gamesPUNCHOUT
15.7%
BirdsOSTRICH
14.2%
Ben & Jerry's flavorsMAGIC BROWNIES
14%
Ben & Jerry's flavorsDUBLIN MUDSLIDE
13.1%
The Simpsons charactersKRABAPPEL
12.1%

You're not logged in!

Compare scores with friends on all Sporcle quizzes.
OR
Log In

Sporcle TV

Today on Sporcle TV


Watch our educational content, quiz creation guides, and fun videos on Sporcle TV.

Show Comments

Extras

Top Quizzes Today


Score Distribution

Paid Content

Your Account Isn't Verified!

In order to create a playlist on Sporcle, you need to verify the email address you used during registration. Go to your Sporcle Settings to finish the process.

Report this User

Report this user for behavior that violates our Community Guidelines.

Details: